Statistics for NRL 2017 Rugby League Teams

Click here to take the quiz!

General Stats

  • This quiz has been taken 134 times
  • The average score is 13 of 16

Answer Stats

team% Correct
Melbourne
93%
Sydney
93%
Brisbane
90%
Gold Coast
89%
South Sydney
86%
Canberra
82%
Penrith
80%
Manly
79%
St George Illawarra
78%
Cronulla-Sutherland
77%
Newcastle
77%
North Queensland
77%
Parramatta
77%
New Zealand
76%
Wests
76%
Canterbury-Bankstown
72%

Score Distribution

Percentile by Number Answered

Percent of People with Each Score

Your Score History

You have not taken this quiz